Tilastot visalle Saarivaltiot

Klikkaa tästä pelataksesi tätä visaa!

Yleistilastot

  • Tätä visaa on pelattu 2 555 kertaa
  • Keskiarvotulos 33 / 47

Vastaustilastot

km2Country% Oikein
587 041Madagaskar
92%
377 930Japani
91%
270 467Uusi-Seelanti
91%
103 000Islanti
91%
1 904 569Indonesia
90%
316Malta
88%
109 884Kuuba
88%
103 000Irlanti
87%
242 900Yhdistynyt kuningaskunta
86%
9 251Kypros
85%
342 353Filippiinit
82%
27 750Haiti
80%
10 991Jamaika
80%
21Nauru
80%
65 610Sri Lanka
80%
300Malediivit
74%
4 033Kap Verde
73%
26Tuvalu
73%
462 840Papua-Uusi-Guinea
73%
751Dominica
73%
36 193Taiwan
72%
452Seychellit
71%
18 272Fidži
70%
48 671Dominikaaninen tasavalta
69%
13 943Bahama
69%
12 189Vanuatu
69%
702Mikronesia
69%
181Marshallinsaaret
68%
28 896Salomonsaaret
67%
616Saint Lucia
67%
5 130Trinidad ja Tobago
65%
430Barbados
65%
747Tonga
64%
459Palau
64%
811Kiribati
64%
2 842Samoa
63%
2 040Mauritius
62%
1 862Komorit
61%
389Saint Vincent ja Grenadiinit
61%
261Saint Kitts ja Nevis
60%
965São Tomé ja Príncipe
60%
442Antigua ja Barbuda
58%
344Grenada
54%
14 874Itä-Timor
53%
710Singapore
52%
5 765Brunei
44%
765Bahrain
31%

Tulosjakauma

Persentiili vastausten määrän mukaan

Jokaisen tuloksen saaneiden osuus

Tuloshistoriasi

Et ole pelannut tätä visaa